000 00612nam a22002177a 4500
003 OSt
005 20150121145028.0
008 150121b xxu||||| |||| 00| 0 eng d
020 _a0340808772
040 _cDNLM
082 _aWC 500 P888l 2003
100 _aPratt Robert J.
_92582
245 _aHIV & AIDS :
_bA foundation for nursing and Healthcare Practice /
_cRober t J. Pratt
250 _a5th ed.
260 _aMalta:
_bBook Power;
_c2003.
300 _axv, 464 p :
_c27 cm.
504 _aIncludes bibliographical references and index.
650 _aHIV
_92583
650 _aAIDS
_92450
942 _2z
_cSLOAN
999 _c963
_d963